Sustainable model for planning, development and management of regions and their capitals: role of geographical information systems (Record no. 38370)

000 -LEADER
fixed length control field 00520pab a2200169 454500
008 - FIXED-LENGTH DATA ELEMENTS--GENERAL INFORMATION
fixed length control field 180718b1998 xxu||||| |||| 00| 0 eng d
100 ## - MAIN ENTRY--PERSONAL NAME
Personal name Telang, M.V.
245 ## - TITLE STATEMENT
Title Sustainable model for planning, development and management of regions and their capitals: role of geographical information systems
260 ## - PUBLICATION, DISTRIBUTION, ETC.
Date of publication, distribution, etc. 1998
300 ## - PHYSICAL DESCRIPTION
Extent p.117-24
650 ## - SUBJECT ADDED ENTRY--TOPICAL TERM
Topical term or geographic name entry element Regionalism
650 ## - SUBJECT ADDED ENTRY--TOPICAL TERM
Topical term or geographic name entry element Regional planning
700 ## - ADDED ENTRY--PERSONAL NAME
Personal name Nayak, G.C.
700 ## - ADDED ENTRY--PERSONAL NAME
Personal name Tayal, N.K.
773 ## - HOST ITEM ENTRY
Main entry heading Indian Journal of Regional Science
909 ## -
-- 38370
Holdings
Withdrawn status Lost status Damaged status Not for loan Permanent Location Current Location Date acquired Serial Enumeration / chronology Barcode Date last seen Price effective from Koha item type
        Indian Institute of Public Administration Indian Institute of Public Administration 2018-07-19 Volume no: 30, Issue no: 1 AR38723 2018-07-19 2018-07-19 Articles

Powered by Koha